| 000 | 00437nam a22001697a 4500 | ||
|---|---|---|---|
| 008 | 220601b ||||| |||| 00| 0 eng d | ||
| 020 | _a9789385005374 | ||
| 082 |
_a181.45 _bOJD |
||
| 100 | _aOjha Jharkhande | ||
| 245 |
_aDhanvantrinighantu _b _cBy Jharkhande Ojha |
||
| 260 |
_aVaranasi _bChaukhamba Surbharati Prakashan _c2018 |
||
| 300 | _a393p. | ||
| 650 | _aYOGA | ||
| 700 | _aMishra Umapati | ||
| 942 | _cBK | ||
| 999 |
_c43946 _d43946 |
||
| 041 | _ahin | ||